|
|
|
|
| LEADER |
00000nab a2200000 a 4500 |
| 001 |
vtls008982335 |
| 003 |
SK-MaSNL |
| 005 |
20260303065203.0 |
| 008 |
140328 1976 xo 000 0 slo |
| 015 |
|
|
|a SNBRB1977
|
| 040 |
|
|
|a SNKBUCL
|b slo
|c SNKBUCL
|e AACR2
|
| 041 |
0 |
|
|a slo
|
| 044 |
|
|
|a xo
|c SK
|
| 080 |
|
|
|a 636.596.12
|2 2001
|
| 245 |
0 |
0 |
|a 25 rokov Klubu chovateľov komárňanských kotrmeliakov
|c [autor] P. F.
|
| 300 |
|
|
|b Obr.
|
| 610 |
2 |
7 |
|a Klub chovateľov komárňanských kotrmeliakov
|2 snkbucl
|9 1064888
|
| 650 |
0 |
7 |
|a komárňanský kotrmeliak (plemeno holubov)
|2 snkbucl
|9 75011
|
| 650 |
0 |
7 |
|a holuby
|2 snkbucl
|9 2798
|
| 650 |
0 |
7 |
|a chov holubov
|2 snkbucl
|9 29973
|
| 773 |
0 |
|
|t Záhradkár, chovateľ
|g Roč. 12, č. 12 (1976), s. 468-469
|
| 999 |
|
|
|c 1750196
|d 1752126
|